| 000 | 00411nam a2200157Ia 4500 | ||
|---|---|---|---|
| 008 | 231217s9999 xx 000 0 und d | ||
| 041 | _aEnglish | ||
| 082 | _a621.384135 NAR;1 R | ||
| 100 | _aNarayan, C P. | ||
| 245 | 0 | _aAntennas and propagation : semester VI EC and TC VTU | |
| 250 | _a1st ed. | ||
| 260 |
_c2005 _bTechnical _aPune |
||
| 300 | _a279 | ||
| 650 | _aAntennas,propagation,VI | ||
| 942 | _cAA | ||
| 999 |
_c191753 _d191753 |
||